| 000 | 01319cam a2200361 a 4500 | ||
|---|---|---|---|
| 001 | 5969 | ||
| 003 | FISKH | ||
| 005 | 20250225094257.0 | ||
| 008 | 080616r20081868nyu 000 1 eng | ||
| 010 | _a 2008274335 | ||
| 020 |
_a9780142408766 (pbk.) _c$13.50 |
||
| 040 |
_aFISKH _cFISKH _beng _dFISKH |
||
| 050 | _aPS1017 .L5 | ||
| 082 | _a813.4 | ||
| 100 | 1 |
_aAlcott, Louisa May, _d1832-1888. |
|
| 245 | 1 | 0 |
_aLittle women / _cLouisa May Alcott ; introduced by Louise Rennison. |
| 260 |
_aNew York : _bPuffin Books, _c2008. |
||
| 300 |
_a777 pages : _c18 cm. |
||
| 490 | 0 | _aPuffin classics | |
| 500 | _aIncludes: "A behind-the-scenes journey, including an author profile, a guide to who's who, activities and more--"--P. [4] of cover. | ||
| 520 | _aChronicles the joys and sorrows of the four March sisters as they grow into young ladies in nineteenth-century New England. | ||
| 650 | 0 |
_aMarch family (Fictitious characters) _vFiction. |
|
| 650 | 0 |
_aMothers and daughters _vFiction. |
|
| 650 | 0 |
_aYoung women _vFiction. |
|
| 650 | 0 |
_aSisters _vFiction. |
|
| 651 | 0 |
_aNew England _vFiction. |
|
| 655 | 0 | _aDomestic fiction. | |
| 655 | 7 |
_aBildungsromans. _2gsafd |
|
| 700 |
_aRennison, Louise _eIntroducer |
||
| 906 |
_a7 _bcbc _corigcop _d2 _encip _f20 _gy-gencatlg |
||
| 942 |
_2ddc _cBK _n0 |
||
| 999 |
_c5969 _d5969 |
||